[Event "JmKP skolnich tymu 2024/2025, 2.st. ZS"]
[Site "Breclav, Czech Republic"]
[Date "2025.02.04"]
[Round "1.1"]
[White "Kala, Jakub"]
[Black "Tutka, Michal"]
[Result "1-0"]
[WhiteElo "1770"]
[BlackElo "1088"]
[PlyCount "55"]
[EventDate "2025.02.04"]
[WhiteTeam "Gymnazium Brno tr. Kpt. Jarose"]
[BlackTeam "Cirkevni ZS Veseli nad Moravou"]

1. Nf3 Nf6 2. c4 Nc6 3. d4 e6 4. d5 exd5 5. cxd5 Ne7 6. Nc3 Nf5 7. e4 Nd6 8. e5
Nf5 9. exf6 Qxf6 10. Bd3 d6 11. Bg5 Qg6 12. O-O f6 13. Re1+ Be7 14. Qe2 fxg5
15. Bxf5 Qf6 16. Bxc8 Rxc8 17. Ne4 Qf7 18. Nexg5 Qf6 19. Qb5+ c6 20. Qxb7 Rd8
21. dxc6 O-O 22. Qxe7 Qxe7 23. Rxe7 h6 24. Ne6 Rxf3 25. gxf3 Ra8 26. Rxg7+ Kh8
27. c7 Re8 28. Rd7 1-0

[Event "JmKP skolnich tymu 2024/2025, 2.st. ZS"]
[Site "Breclav, Czech Republic"]
[Date "2025.02.04"]
[Round "1.2"]
[White "Macik, Stanislav"]
[Black "Levchenko, Alisa"]
[Result "0-1"]
[WhiteElo "1058"]
[BlackElo "1647"]
[PlyCount "47"]
[EventDate "2025.02.04"]
[WhiteTeam "Cirkevni ZS Veseli nad Moravou"]
[BlackTeam "Gymnazium Brno tr. Kpt. Jarose"]

1. e4 e6 2. Nc3 d5 3. exd5 exd5 4. d4 Bf5 5. Nf3 c6 6. Bd3 Bxd3 7. Qxd3 Nf6 8.
O-O Be7 9. Bg5 O-O 10. Ne5 h6 11. Bxf6 Bxf6 12. Rae1 Nd7 13. f4 Bxe5 14. fxe5
Re8 15. Re3 Nf8 16. Ref3 Re7 17. Ne2 Ne6 18. Ng3 Qb6 19. Nf5 Rd7 20. b3 c5 21.
Rg3 h5 22. Qf3 h4 23. Nh6+ Kf8 24. Nxf7 0-1

[Event "JmKP skolnich tymu 2024/2025, 2.st. ZS"]
[Site "Breclav, Czech Republic"]
[Date "2025.02.04"]
[Round "2.1"]
[White "Hladky, Mikulas"]
[Black "Kala, Jakub"]
[Result "0-1"]
[WhiteElo "1684"]
[BlackElo "1770"]
[PlyCount "86"]
[EventDate "2025.02.04"]
[WhiteTeam "ZS Brno Sirotkova"]
[BlackTeam "Gymnazium Brno tr. Kpt. Jarose"]

1. e4 c6 2. d4 d5 3. Nc3 dxe4 4. Nxe4 Bf5 5. Ng3 Bg6 6. h4 h6 7. Nf3 Nd7 8. h5
Bh7 9. Bd3 Bxd3 10. Qxd3 Ngf6 11. Bf4 e6 12. O-O-O Nd5 13. Bd2 b5 14. Rhe1 Be7
15. Ne4 Qc7 16. g3 a5 17. Ne5 Nb4 18. Bxb4 axb4 19. Qb3 O-O 20. Nxd7 Qxd7 21.
Nc5 Bxc5 22. dxc5 Qa7 23. Qxb4 Qxa2 24. Rd3 Rfd8 25. Kd2 Rxd3+ 26. cxd3 Qd5 27.
Qc3 Qxh5 28. Re3 Ra1 29. Re1 Ra4 30. Re3 Qh2 31. Re2 Qh1 32. Qe5 Ra1 33. Re1
Qxe1+ 34. Qxe1 Rxe1 35. Kxe1 e5 36. Ke2 Kf8 37. d4 exd4 38. Kd3 Ke7 39. Kxd4
Ke6 40. g4 f5 41. f3 fxg4 42. fxg4 g6 43. Ke4 h5 0-1

[Event "JmKP skolnich tymu 2024/2025, 2.st. ZS"]
[Site "Breclav, Czech Republic"]
[Date "2025.02.04"]
[Round "2.2"]
[White "Levchenko, Alisa"]
[Black "Garcic, Jachym"]
[Result "1-0"]
[WhiteElo "1647"]
[BlackElo "1386"]
[PlyCount "43"]
[EventDate "2025.02.04"]
[WhiteTeam "Gymnazium Brno tr. Kpt. Jarose"]
[BlackTeam "ZS Brno Sirotkova"]

1. d4 d5 2. Nf3 Nf6 3. g3 Nc6 4. Bg2 Bg4 5. O-O e6 6. b3 Bd6 7. Bb2 O-O 8. Nbd2
Re8 9. c4 b6 10. Rc1 dxc4 11. Nxc4 Ne7 12. Nfe5 Rc8 13. Nc6 Nxc6 14. Bxc6 Re7
15. Ne5 Bxe5 16. dxe5 Nd7 17. Qc2 Bf5 18. e4 Bg4 19. f3 Bh5 20. g4 Bg6 21. Rfd1
Qe8 22. Ba3 1-0

[Event "JmKP skolnich tymu 2024/2025, 2.st. ZS"]
[Site "Breclav, Czech Republic"]
[Date "2025.02.04"]
[Round "2.3"]
[White "Kulhavy, Hynek"]
[Black "Berdnikov, Tsyren"]
[Result "0-1"]
[WhiteElo "1328"]
[BlackElo "1504"]
[PlyCount "60"]
[EventDate "2025.02.04"]
[WhiteTeam "ZS Brno Sirotkova"]
[BlackTeam "Gymnazium Brno tr. Kpt. Jarose"]

1. Nf3 d5 2. c4 e6 3. e3 c6 4. Nc3 Nf6 5. b3 Nbd7 6. Bb2 Bd6 7. Be2 O-O 8. O-O
e5 9. d4 e4 10. Nd2 Qc7 11. c5 Be7 12. Re1 Ne8 13. b4 f5 14. b5 Ndf6 15. Nf1 g6
16. a4 a6 17. bxa6 bxa6 18. a5 Bb7 19. Na4 Nd7 20. Nb6 Nxb6 21. cxb6 Qd7 22.
Ba3 Bxa3 23. Rxa3 Nd6 24. Qb3 Qf7 25. Qb4 Rad8 26. Rc1 f4 27. exf4 Qxf4 28. Ne3
Qxf2+ 29. Kh1 Qxe2 30. Re1 Qf2 0-1

[Event "JmKP skolnich tymu 2024/2025, 2.st. ZS"]
[Site "Breclav, Czech Republic"]
[Date "2025.02.04"]
[Round "2.4"]
[White "Prochazka, Martin"]
[Black "Hradek, Ondrej"]
[Result "0-1"]
[WhiteElo "1139"]
[BlackElo "1251"]
[PlyCount "96"]
[EventDate "2025.02.04"]
[WhiteTeam "Gymnazium Brno tr. Kpt. Jarose"]
[BlackTeam "ZS Brno Sirotkova"]

1. e4 e5 2. Nf3 Nc6 3. d4 exd4 4. Nxd4 Nf6 5. Nc3 Bb4 6. Nxc6 bxc6 7. Bd3 O-O
8. Bd2 Bc5 9. O-O d5 10. e5 Nd7 11. Re1 Re8 12. Bf4 Qh4 13. g3 Qd8 14. Bf5 Nb6
15. Bxc8 Qxc8 16. Re2 Qe6 17. Qe1 Rad8 18. Kg2 Bb4 19. a3 Bxc3 20. Qxc3 Nc4 21.
b3 Nb6 22. Rae1 d4 23. Qc5 Qd5+ 24. Qxd5 Nxd5 25. e6 f6 26. Rd1 Nc3 27. Bxc7
Rc8 28. Rxd4 Nxe2 29. Rd8 Rcxd8 30. Bxd8 Rxd8 31. Kf3 Nd4+ 32. Ke4 Nxe6 33. f4
Rd5 34. f5 Ng5+ 35. Kf4 Kf8 36. h4 Nh3+ 37. Kg4 Nf2+ 38. Kf3 Nd1 39. c4 Rxf5+
40. Ke4 Re5+ 41. Kd4 Nb2 42. g4 c5+ 43. Kc3 Nd1+ 44. Kd2 Ne3 45. g5 fxg5 46.
hxg5 Nxc4+ 47. bxc4 Rxg5 48. Ke3 h5 0-1

[Event "JmKP skolnich tymu 2024/2025, 2.st. ZS"]
[Site "Breclav, Czech Republic"]
[Date "2025.02.04"]
[Round "3.1"]
[White "Kala, Jakub"]
[Black "Kotisa, Jan"]
[Result "1-0"]
[WhiteElo "1770"]
[BlackElo "1598"]
[PlyCount "61"]
[EventDate "2025.02.04"]
[WhiteTeam "Gymnazium Brno tr. Kpt. Jarose"]
[BlackTeam "Gymnazium Vyskov"]

1. Nf3 d5 2. c4 e6 3. e3 g6 4. Nc3 Bg7 5. b3 Ne7 6. Bb2 O-O 7. Be2 c5 8. cxd5
Nxd5 9. Rc1 b6 10. Qc2 Bb7 11. Nxd5 exd5 12. Bxg7 Kxg7 13. h4 h5 14. Ng5 Rh8
15. Rh3 Qe7 16. Qb2+ f6 17. Rg3 Nd7 18. Nh3 Qe5 19. Qc2 f5 20. Nf4 Rh6 21. Bxh5
Rxh5 22. Nxh5+ Kh6 23. Nf4 Rg8 24. Qd1 Nf6 25. h5 Ne4 26. Rxg6+ Rxg6 27. hxg6
d4 28. Qh5+ Kg7 29. Qh7+ Kf6 30. Qf7+ Kg5 31. g7 1-0

[Event "JmKP skolnich tymu 2024/2025, 2.st. ZS"]
[Site "Breclav, Czech Republic"]
[Date "2025.02.04"]
[Round "3.2"]
[White "Pukowietz, Marek"]
[Black "Levchenko, Alisa"]
[Result "0-1"]
[WhiteElo "1606"]
[BlackElo "1647"]
[PlyCount "107"]
[EventDate "2025.02.04"]
[WhiteTeam "Gymnazium Vyskov"]
[BlackTeam "Gymnazium Brno tr. Kpt. Jarose"]

1. d4 d5 2. c4 c6 3. Nf3 Nf6 4. Nc3 g6 5. Bf4 Bg7 6. e3 O-O 7. cxd5 cxd5 8. Be2
Nc6 9. O-O Bg4 10. h3 Bxf3 11. Bxf3 e6 12. Rc1 Rc8 13. Qa4 Qb6 14. Nb5 a6 15.
Nd6 Rcd8 16. Nxb7 Qxb7 17. Qxc6 Qxb2 18. Rc2 Qa3 19. Qc3 Qxc3 20. Rxc3 Nd7 21.
Ra3 Ra8 22. Rb1 Rfd8 23. Be2 a5 24. Bc7 Rdc8 25. Bxa5 Bf8 26. Ra4 Ra7 27. Bb5
Rca8 28. Bxd7 Rxd7 29. Kf1 Rda7 30. Rb5 Be7 31. Ke2 Bd8 32. Bxd8 Rxa4 33. Bf6
Rxa2+ 34. Kf3 h5 35. Kg3 R2a5 36. Rb7 R5a7 37. Rb6 Kh7 38. f3 Kh6 39. e4 dxe4
40. fxe4 g5 41. Be5 Ra3+ 42. Kh2 Re3 43. Rb7 Kg6 44. Rd7 Rxe4 45. Kg3 Ra3+ 46.
Kf2 f6 47. Bc7 Rd3 48. Bb6 g4 49. hxg4 hxg4 50. g3 Rd2+ 51. Kf1 Ree2 52. Rd8
Rh2 53. Ke1 Rb2 54. Rc8 0-1

[Event "JmKP skolnich tymu 2024/2025, 2.st. ZS"]
[Site "Breclav, Czech Republic"]
[Date "2025.02.04"]
[Round "3.3"]
[White "Berdnikov, Tsyren"]
[Black "Svabova, Klara"]
[Result "0-1"]
[WhiteElo "1504"]
[BlackElo "1267"]
[PlyCount "104"]
[EventDate "2025.02.04"]
[WhiteTeam "Gymnazium Brno tr. Kpt. Jarose"]
[BlackTeam "Gymnazium Vyskov"]

1. e4 e5 2. Nf3 Nf6 3. Nxe5 d6 4. Nf3 Nxe4 5. d4 d5 6. h3 Bb4+ 7. c3 Ba5 8. Bd3
Bf5 9. O-O O-O 10. Ne5 Nd7 11. Bf4 Nxe5 12. Bxe5 f6 13. Bf4 Qd7 14. Na3 Bb6 15.
Nc2 Rfe8 16. Ne3 Bg6 17. f3 Nd6 18. Bxg6 hxg6 19. Nc2 Nf5 20. Qd3 Qf7 21. Rfe1
c6 22. Ne3 Nxe3 23. Rxe3 Rxe3 24. Bxe3 Re8 25. Bf2 a6 26. Re1 Rxe1+ 27. Bxe1
Qe6 28. Bf2 Kf7 29. Kf1 Bc7 30. Qe3 Qf5 31. Ke2 Bf4 32. Qd3 Qe6+ 33. Be3 Bh6
34. Kd2 g5 35. g4 Qd6 36. Qe2 Qg3 37. Qf1 g6 38. Kc2 Bf8 39. Bd2 Bd6 40. Kb3
Bc7 41. Kc2 Bb6 42. f4 gxf4 43. Bxf4 Qh4 44. Qg2 Bd8 45. Qg3 Qh7 46. Bc7 Be7
47. Bb6 g5+ 48. Qd3 Qh4 49. Kb3 Qe1 50. Qh7+ Ke8 51. Qg8+ Kd7 52. Qb8 Qd1# 0-1

[Event "JmKP skolnich tymu 2024/2025, 2.st. ZS"]
[Site "Breclav, Czech Republic"]
[Date "2025.02.04"]
[Round "3.4"]
[White "Provaznik, Rafael"]
[Black "Prochazka, Martin"]
[Result "0-1"]
[WhiteElo "1228"]
[BlackElo "1139"]
[PlyCount "73"]
[EventDate "2025.02.04"]
[WhiteTeam "Gymnazium Vyskov"]
[BlackTeam "Gymnazium Brno tr. Kpt. Jarose"]

1. b4 e5 2. Bb2 d6 3. e3 Be6 4. c4 Nf6 5. d3 Nbd7 6. Nf3 Be7 7. Be2 c6 8. O-O
O-O 9. Nbd2 Qc7 10. Qc2 a6 11. Rfe1 b5 12. e4 Rfc8 13. a3 c5 14. Rec1 Nb6 15.
h3 Bd7 16. Nf1 bxc4 17. dxc4 Ba4 18. Qc3 Nxe4 19. Qd3 Nf6 20. Ng3 h6 21. Ne4
Bc6 22. Nxf6+ Bxf6 23. Qd2 Qe7 24. Rd1 Rd8 25. bxc5 dxc5 26. Qa5 Na4 27. Bc3
Nxc3 28. Qxc3 e4 29. Rxd8+ Rxd8 30. Qa5 Bxa1 31. Ne1 Bb7 32. Qb6 Rd2 33. Kf1
Bd4 34. Qb1 Rb2 35. Qc1 e3 36. f3 Qh4 37. Nd3 0-1

[Event "JmKP skolnich tymu 2024/2025, 2.st. ZS"]
[Site "Breclav, Czech Republic"]
[Date "2025.02.04"]
[Round "4.1"]
[White "Horak, Hanus"]
[Black "Kala, Jakub"]
[Result "0-1"]
[WhiteElo "1507"]
[BlackElo "1770"]
[PlyCount "104"]
[EventDate "2025.02.04"]
[WhiteTeam "Gymnazium a ZUS Slapanice"]
[BlackTeam "Gymnazium Brno tr. Kpt. Jarose"]

1. d4 d5 2. c4 e6 3. Nc3 Nf6 4. Bg5 Be7 5. Nf3 h6 6. Bh4 O-O 7. e3 b6 8. Bd3
Bb7 9. O-O Ne4 10. Bxe7 Qxe7 11. cxd5 exd5 12. Rc1 Rc8 13. Qe2 a5 14. Ne5 Nd7
15. Nxd7 Qxd7 16. Qf3 Nd2 17. Qf4 Nxf1 18. Bf5 Qe7 19. Bxc8 Rxc8 20. Kxf1 Ba6+
21. Kg1 Rd8 22. a3 Rd6 23. b3 Rc6 24. Na2 Qd7 25. Nc3 Rg6 26. a4 Rc6 27. Qf3
Bd3 28. Qd1 Bf5 29. Nb5 Bg4 30. Qd2 Rxc1+ 31. Qxc1 c6 32. Nc3 h5 33. Qd2 h4 34.
h3 Bf5 35. Qe2 Bg6 36. Qf3 Qf5 37. Qxf5 Bxf5 38. Kh2 Bc2 39. g3 hxg3+ 40. Kxg3
Bxb3 41. Kf4 Kf8 42. f3 Ke7 43. e4 Ke6 44. e5 c5 45. Ke3 f6 46. f4 fxe5 47.
fxe5 g5 48. Kd3 Bc4+ 49. Ke3 Bf1 50. Nb5 Bxb5 51. axb5 cxd4+ 52. Kxd4 a4 0-1

[Event "JmKP skolnich tymu 2024/2025, 2.st. ZS"]
[Site "Breclav, Czech Republic"]
[Date "2025.02.04"]
[Round "4.2"]
[White "Levchenko, Alisa"]
[Black "Kubes, Vendelin"]
[Result "1-0"]
[WhiteElo "1647"]
[BlackElo "1365"]
[PlyCount "59"]
[EventDate "2025.02.04"]
[WhiteTeam "Gymnazium Brno tr. Kpt. Jarose"]
[BlackTeam "Gymnazium a ZUS Slapanice"]

1. d4 Nf6 2. Nf3 e6 3. g3 d5 4. Bg2 Be7 5. O-O b5 6. Qd3 a6 7. b3 Nc6 8. Ne5
Nxe5 9. dxe5 Nd7 10. Bb2 O-O 11. Nd2 Nc5 12. Qf3 f6 13. exf6 Bxf6 14. Bxf6 Rxf6
15. Qc3 Qe7 16. Nf3 Ne4 17. Qb2 Bb7 18. Ne5 Nd6 19. c4 c6 20. cxd5 exd5 21. Nd3
Re8 22. Nc5 Bc8 23. e3 Nf7 24. Rac1 Ng5 25. Qd4 Bh3 26. Nxa6 Qe6 27. Nc7 Qd7
28. Nxe8 Qxe8 29. Qd1 Qe6 30. Qh5 1-0

[Event "JmKP skolnich tymu 2024/2025, 2.st. ZS"]
[Site "Breclav, Czech Republic"]
[Date "2025.02.04"]
[Round "4.3"]
[White "Tikovsky, Vilem"]
[Black "Berdnikov, Tsyren"]
[Result "1-0"]
[WhiteElo "1143"]
[BlackElo "1504"]
[PlyCount "143"]
[EventDate "2025.02.04"]
[WhiteTeam "Gymnazium a ZUS Slapanice"]
[BlackTeam "Gymnazium Brno tr. Kpt. Jarose"]

1. d4 d5 2. Bf4 c5 3. e3 Bf5 4. c3 e6 5. Nd2 Nc6 6. Ngf3 Qb6 7. Qb3 c4 8. Qxb6
axb6 9. Nh4 Nge7 10. Nxf5 Nxf5 11. e4 dxe4 12. Bxc4 Nd6 13. Bxd6 Bxd6 14. Nxe4
Bc7 15. Bb5 O-O 16. O-O Ra5 17. Bc4 b5 18. Bb3 b4 19. Rac1 Bf4 20. Rc2 bxc3 21.
bxc3 Rc8 22. Nc5 b6 23. Nd7 Ra6 24. Bc4 b5 25. Bxb5 Ra5 26. Bxc6 Rxc6 27. g3
Bd6 28. Re1 h6 29. Ne5 Rc7 30. f4 f6 31. Nd3 Kf7 32. Kf2 Ra3 33. Rec1 Rca7 34.
Ra1 Rc7 35. Rac1 Rca7 36. Nb4 Bxb4 37. cxb4 Rxa2 38. Rxa2 Rxa2+ 39. Ke3 Rxh2
40. Rc7+ Kg6 41. Kf3 Rb2 42. Rb7 Rb3+ 43. Kg2 Rd3 44. Rd7 Rb3 45. Rb7 Rd3 46.
Rd7 e5 47. fxe5 fxe5 48. Rd6+ Kf7 49. Rd7+ Kf8 50. Rd8+ Ke7 51. Rg8 Kf7 52. Rd8
Rxd4 53. Rxd4 exd4 54. Kf3 Ke6 55. Ke4 d3 56. Kxd3 Kd5 57. Kc3 g5 58. g4 Kc6
59. Kc4 h5 60. gxh5 g4 61. h6 g3 62. h7 g2 63. h8=Q g1=Q 64. Qf6+ Kc7 65. Qe5+
Kb7 66. Qb5+ Ka8 67. Qc6+ Kb8 68. Qe8+ Kb7 69. Qd7+ Ka8 70. Qc8+ Ka7 71. Qc5+
Qxc5+ 72. Kxc5 1-0

[Event "JmKP skolnich tymu 2024/2025, 2.st. ZS"]
[Site "Breclav, Czech Republic"]
[Date "2025.02.04"]
[Round "5.1"]
[White "Kotisa, Jan"]
[Black "Hladky, Mikulas"]
[Result "1-0"]
[WhiteElo "1598"]
[BlackElo "1684"]
[PlyCount "89"]
[EventDate "2025.02.04"]
[WhiteTeam "Gymnazium Vyskov"]
[BlackTeam "ZS Brno Sirotkova"]

1. c4 Nf6 2. g3 e6 3. Bg2 c5 4. e3 d5 5. Ne2 Nc6 6. cxd5 exd5 7. d4 Be6 8. O-O
Be7 9. Nbc3 O-O 10. b3 Rc8 11. Bb2 b6 12. Rc1 Re8 13. dxc5 bxc5 14. Nf4 d4 15.
exd4 Nxd4 16. Nce2 Nxe2+ 17. Qxe2 Qb6 18. Nxe6 Qxe6 19. Qxe6 fxe6 20. Rfe1 Kf7
21. Bh3 Rc6 22. Re2 Bd8 23. Rec2 Bb6 24. b4 Rec8 25. Bg2 Nd5 26. Ba3 c4 27. b5
R6c7 28. Bd6 Rd7 29. Be5 Ne3 30. Rc3 Ng4 31. Rf3+ Kg8 32. Bc3 Nxf2 33. Rxf2
Bxf2+ 34. Kxf2 Rf7+ 35. Ke2 Rf5 36. Bh3 Rfc5 37. Bxe6+ Kf8 38. Bxc8 Rxc8 39.
Bd4 Rc7 40. Rc3 Ke7 41. Re3+ Kf7 42. Kd2 Rb7 43. a4 Rd7 44. Kc3 Rc7 45. Re5 1-0

[Event "JmKP skolnich tymu 2024/2025, 2.st. ZS"]
[Site "Breclav, Czech Republic"]
[Date "2025.02.04"]
[Round "5.2"]
[White "Garcic, Jachym"]
[Black "Pukowietz, Marek"]
[Result "0-1"]
[WhiteElo "1386"]
[BlackElo "1606"]
[PlyCount "64"]
[EventDate "2025.02.04"]
[WhiteTeam "ZS Brno Sirotkova"]
[BlackTeam "Gymnazium Vyskov"]

1. Nf3 Nf6 2. c4 g6 3. d4 Bg7 4. Nc3 O-O 5. Bg5 d6 6. e3 Nbd7 7. Bd3 Re8 8. O-O
e5 9. dxe5 dxe5 10. e4 Nc5 11. Bc2 Bg4 12. Qe2 Qd6 13. h3 Bxf3 14. Qxf3 Qc6 15.
b4 Ncd7 16. Ba4 Qxc4 17. Bxf6 Nxf6 18. Bxe8 Rxe8 19. Rab1 Rd8 20. Rfc1 Rd6 21.
Nd5 Qxa2 22. Nxc7 Rd4 23. Rb3 Rxe4 24. Nb5 Rf4 25. Qg3 Ne4 26. Qe3 Bh6 27. g3
Rh4 28. Rc8+ Kg7 29. Qxa7 Qxb3 30. gxh4 Qd1+ 31. Kg2 Qd5 32. Rc5 Nxc5+ 0-1

[Event "JmKP skolnich tymu 2024/2025, 2.st. ZS"]
[Site "Breclav, Czech Republic"]
[Date "2025.02.04"]
[Round "5.3"]
[White "Svabova, Klara"]
[Black "Kulhavy, Hynek"]
[Result "0-1"]
[WhiteElo "1267"]
[BlackElo "1328"]
[PlyCount "208"]
[EventDate "2025.02.04"]
[WhiteTeam "Gymnazium Vyskov"]
[BlackTeam "ZS Brno Sirotkova"]

1. e4 c5 2. Nf3 Nc6 3. d4 cxd4 4. Nxd4 Nf6 5. Nc3 g6 6. Be3 Bg7 7. Bc4 O-O 8.
Nxc6 dxc6 9. Qxd8 Rxd8 10. O-O b5 11. Bb3 b4 12. Ne2 Nxe4 13. Rfd1 Ba6 14. Nf4
Bxb2 15. Rxd8+ Rxd8 16. Rb1 e6 17. f3 e5 18. Nh3 Bd4 19. Bxd4 Nd2 20. Re1 Rxd4
21. Rxe5 Nxb3 22. axb3 Rd5 23. Re8+ Kg7 24. Re7 Rd1+ 25. Kf2 Rd2+ 26. Kg3 Rxc2
27. Rxa7 Bb5 28. Nf4 Rb2 29. Ne6+ Kf6 30. Nc5 Rc2 31. Ne4+ Ke5 32. Rxf7 Rb2 33.
Re7+ Kd4 34. Rd7+ Ke3 35. Nc5 Rc2 36. Ne6 c5 37. Rc7 c4 38. bxc4 Rxc4 39. Rb7
Ba4 40. Nc7 b3 41. Nd5+ Kd2 42. Nf6 Kc2 43. Nd5 Rc5 44. Ne3+ Kc1 45. Ng4 b2 46.
Nf6 b1=Q 47. Rxb1+ Kxb1 48. Nxh7 Rc7 49. Ng5 Bc2 50. h4 Kb2 51. f4 Rc4 52. Kf3
Kc3 53. Nh3 Kb4 54. g3 Bb1 55. Nf2 Kc5 56. Kg4 Kd6 57. Nd1 Ke7 58. Ne3 Rd4 59.
Kg5 Kf7 60. Ng4 Kg7 61. Ne5 Rd5 62. Kg4 Bf5+ 63. Kf3 Ra5 64. g4 Ra3+ 65. Kf2
Be4 66. g5 Rh3 67. Nc4 Rxh4 68. Kg3 Rh1 69. Ne3 Ra1 70. Kf2 Ra5 71. Kg3 Bf5 72.
Kf2 Ra4 73. Ng2 Kf7 74. Ke3 Ke6 75. Kf2 Ra3 76. Ne3 Kf7 77. Ng2 Bb1 78. Ne3 Ke6
79. Kf3 Rb3 80. Ke2 Rxe3+ 81. Kxe3 Kf5 82. Kf3 Be4+ 83. Kg3 Bh1 84. Kf2 Kxf4
85. Kg1 Ba8 86. Kf2 Kxg5 87. Kg3 Bb7 88. Kf2 Kg4 89. Kg1 Kg3 90. Kf1 Kh3 91.
Kg1 g5 92. Kf1 g4 93. Kg1 g3 94. Kf1 Ba6+ 95. Kg1 g2 96. Kf2 Kh2 97. Ke3 g1=Q+
98. Ke4 Qg3 99. Kf5 Qh4 100. Ke6 Qg5 101. Kd6 Qf5 102. Kc6 Qe5 103. Kd7 Qf6
104. Ke8 Bb5# 0-1

[Event "JmKP skolnich tymu 2024/2025, 2.st. ZS"]
[Site "Breclav, Czech Republic"]
[Date "2025.02.04"]
[Round "5.4"]
[White "Sladek, Robert"]
[Black "Provaznik, Rafael"]
[Result "1-0"]
[WhiteElo "1183"]
[BlackElo "1228"]
[Annotator "Buchnicek,Petr"]
[PlyCount "100"]
[EventDate "2025.02.04"]
[WhiteTeam "ZS Brno Sirotkova"]
[BlackTeam "Gymnazium Vyskov"]

1. e4 e5 2. Nf3 Nc6 3. Bc4 Nf6 4. O-O Bc5 5. d4 exd4 6. e5 Ng8 7. Ng5 d5 8.
exd6 Nh6 9. Re1+ Kf8 10. Qh5 Bg4 11. Qh4 Bxd6 12. h3 Bf5 13. Nd2 Be5 14. f4 Bf6
15. Ndf3 Qd6 16. Qf2 Qc5 17. b3 b5 18. Bd3 Bxd3 19. cxd3 Qc3 20. Bd2 Qxd3 21.
Rac1 Ne7 22. Ne5 Bxe5 23. Rxe5 Re8 24. Rxc7 Qb1+ 25. Be1 Qg6 26. Qxd4 f6 27.
Rexe7 Rxe7 28. Qd6 Qe8 29. Ne6+ Kf7 30. Bb4 Nf5 31. Qd5 g6 32. Rxe7+ Qxe7 33.
Bxe7 Nxe7 34. Qd6 Rc8 35. Nd8+ Kf8 36. Qxf6+ Ke8 37. Ne6 Rc1+ 38. Kh2 Rc6 39.
Qf8+ Kd7 40. Ng7 Rc8 41. Qf7 Rc6 42. Qe8+ Kd6 43. Qd8+ Kc5 44. Qxe7+ Kb6 45.
Ne6 a6 46. Qd8+ Kb7 47. Qd7+ Kb6 48. Qd4+ Kb7 49. Nc5+ Kc7 50. Qg7+ Kb6 {
V teto pozici bily zahral 51.Jc5-d4 a partie pokracovala 51.-Vc7 52.Df6+ Kb7
53.De6 Kb8 54.Dd6 Kc8 55.Jc6 Kb7 56.Ja5+ Kc8 57.Db6 Kd7 58.Dxa6 b4 59.Db5+ Kc8
60.De8 mat.} 1-0

[Event "JmKP skolnich tymu 2024/2025, 2.st. ZS"]
[Site "Breclav, Czech Republic"]
[Date "2025.02.04"]
[Round "7.3"]
[White "Prochazka, Martin"]
[Black "Vyskocil, Vojtech"]
[Result "0-1"]
[WhiteElo "1139"]
[BlackElo "1135"]
[PlyCount "150"]
[EventDate "2025.02.04"]
[WhiteTeam "Gymnazium Brno tr. Kpt. Jarose"]
[BlackTeam "Gymnazium Blansko"]

1. e4 e5 2. Nf3 Nf6 3. Nxe5 Qe7 4. Nc4 d5 5. Ne3 dxe4 6. Nc3 Nc6 7. Bb5 Bd7 8.
O-O a6 9. Bxc6 Bxc6 10. d3 exd3 11. cxd3 g6 12. Re1 Qd7 13. Ned5+ Kd8 14. Nxf6
Qd4 15. Bg5 Be7 16. Rxe7 Kxe7 17. Qe2+ Kd8 18. Nfd5+ Kc8 19. Ne7+ Kb8 20. Nxc6+
bxc6 21. Rb1 Kb7 22. b4 Rhe8 23. Qd2 Re6 24. Be3 Qd6 25. Na4 Kc8 26. Nc5 Re7
27. Bg5 f6 28. Bf4 Qd4 29. Re1 Kd8 30. Rxe7 Kxe7 31. Qe3+ Qxe3 32. Bxe3 a5 33.
a3 axb4 34. f4 bxa3 35. Bd4 a2 36. Kf2 a1=Q 37. Bxa1 Rxa1 38. Ke3 Kd6 39. Ne4+
Kd5 40. Nxf6+ Ke6 41. Nxh7 Re1+ 42. Kd2 Rh1 43. h3 Rh2 44. Ng5+ Kf5 45. Ke3
Rxg2 46. Nf3 Rg3 47. Kf2 Kxf4 48. Nd4 Rxd3 49. Nxc6 Rc3 50. Ne7 Kg5 51. h4+ Kh5
52. Nd5 Rc4 53. Ne7 c5 54. Ke3 Ra4 55. Kd3 c4+ 56. Kc3 Ra7 57. Nd5 Ra5 58. Nf4+
Kh6 59. Ng2 Kh5 60. Nf4+ Kh6 61. Ng2 Rf5 62. Kxc4 Kh5 63. Kd3 Rf2 64. Ne3 Kxh4
65. Ke4 g5 66. Nd1 Rf8 67. Ke3 g4 68. Nf2 g3 69. Nd3 g2 70. Ne1 g1=Q+ 71. Kd2
Qf2+ 72. Kd1 Rd8+ 73. Nd3 Rxd3+ 74. Kc1 Re3 75. Kd1 Re1# 0-1